000 00301nam a22001337a 4500
008 170926b xxu||||| |||| 00| 0 eng d
020 _a9780743265294
041 _aeng
080 _a37
100 _a46
101 _aEDU
245 _aLSAT 180 ADVANCED STUDENTS
_cGOODMAN.E
942 _2udc
_cBK
999 _c29956
_d29956